000 00781nam a2200241Ia 4500
003 OSt
005 20220926001340.0
006 a|||||r|||| 00| 0
007 ta
008 220923b |||||||| |||| 00| 0 eng d
037 _cGeneral Book
040 _aRTL
_cRTL
_beng
041 _2eng
_aeng
082 _aX71:8F.2.N78<N77r, L8/GD
110 _aINDIA, INFORMATION & BROADCASTING (Ministry of-)
_9303877
245 0 _aPublic accounts committee 1977-78
_b Sixteenth report.
260 _a New Delhi
_bLok Sabha secretariat
_c1977
300 _av,39p.
_ccm.
500 _aAppendix : 23-39p.
700 _aINDIA, INFORMATION & BROADCASTING (Ministry of-)
_9303878
942 _hX71:8F.2.N78<N77r, L8/GD
_cGB
_2CC
999 _c601379
_d601379